00532nam a22001697a 450000500170000000800410001702000180005804000130007608200170008910000200010624501070012625000120023326000380024530000110028365000210029465000470031520250411112616.0250411b |||||||| |||| 00| 0 eng d a9781718207783 cPK-LaUMT a613.7bSPA-N aSpano, Marie A. aNutrition for sport, exercise, and health /cby Marie A. Spano, Laura J. Kruskall and D. Travis Thomas a2nd ed. aChampain :bHuman Kinetics,c2024 a468 p. aPhysical fitness aSports nutritional physiological phenomena